000 00481nam a2200169Ia 4500
999 _c34955
_d34955
003 OSt
005 20200612111915.0
008 190216s9999||||xx |||||||||||||| ||und||
020 _a9788190601986
040 _coclc
082 _a128
_bIZE/N
100 _aIzetbegovic, Alija
_92823
245 0 _aNotes From Prison 1983-1988 /
_cAlija Izetbegovic
260 _bOther Books,
_c2011.
_a Calicut:
300 _a452p
942 _cBK
_2ddc
_h128
_iIZE/N
_k128
_mIZE/N